| 000 | 00898nam a2200301Mi 4500 | ||
|---|---|---|---|
| 001 | 58345 | ||
| 005 | 20230410142423.0 | ||
| 008 | 070308s2007 fr 000 0 fre d | ||
| 035 | _a(OCoLC)ocm85886185 | ||
| 040 |
_aTZT _cTZT |
||
| 020 | _a9782350180397 | ||
| 020 | _a2350180395 | ||
| 029 | 0 |
_aTZT _bJTL00198121 |
|
| 035 | _a(OCoLC)85886185 | ||
| 072 | 7 |
_aB _2lcco |
|
| 082 | 1 | 4 |
_a194 _21 |
| 049 | _aGRAL | ||
| 050 | 1 | 4 | _aO11 |
| 245 | 0 | 0 |
_aOáu est le pouvoir aujourd'hui / _cPierre Concialdi, Lucien Guirlinger, Vincent Lâepinard... [et al.]. |
| 260 |
_aNantes : _bC. Defaut, _c2007. |
||
| 300 | _a153 p. | ||
| 653 |
_aPolitical philosophy _aPower |
||
| 938 |
_aJean Touzot Libraire Editeur _bTOUZ _nJTL00198121 _c14 EUR |
||
| 856 | 4 | 2 |
_3Mas?... busque en WorldCat (solo desde FUNGLODE) _uwww.firstsearch.oclc.org/fsip |
| 942 |
_2lcc _cbk |
||
| 946 | _amfcruz | ||
| 994 |
_aC0 _bDRFGD |
||
| 999 |
_c95310 _d95310 |
||